¿En qué creen los que creen? /
El economista argentino Bernardo Kliksberg analiza las principales problemáticas del mundo actual a la luz de dos de los capitales más urgentes de la humanidad: la ética y la solidaridad. La exclusión, la reconstrucción del Estado, la idea del capital social, la construcción de una economía con rost...
Guardado en:
| Autor Principal: | |
|---|---|
| Autor Corporativo: | |
| Formato: | |
| Publicado: |
Argentina,
2013.
|
| Series: | El informe Kliksberg: El otro me importa
DVD 2 |
| Materias: | |
| Acceso en línea: | https://www.educ.ar/recursos/120774/en-que-creen-los-que-creen |
| Etiquetas: |
Agregar Etiqueta
Sin Etiquetas, Sea el primero en etiquetar este registro!
|
| LEADER | 01430ngm a22003015g 4500 | ||
|---|---|---|---|
| 001 | CEM.cems023802 | ||
| 008 | 130507s2013##################0###0#####d | ||
| 005 | 20250703151224.0 | ||
| 245 | 1 | 0 | |a ¿En qué creen los que creen? / |c Bernardo Kliksberg. |
| 260 | |a Argentina, |c 2013. | ||
| 300 | |a 27'. | ||
| 490 | 0 | |a El informe Kliksberg: El otro me importa | |
| 490 | 1 | |a DVD 2 | |
| 538 | |a Soporte: DVD - Color: Si - Grabación DRD | ||
| 520 | |a El economista argentino Bernardo Kliksberg analiza las principales problemáticas del mundo actual a la luz de dos de los capitales más urgentes de la humanidad: la ética y la solidaridad. La exclusión, la reconstrucción del Estado, la idea del capital social, la construcción de una economía con rostro humano, las apuestas por la educación, la responsabilidad en el ambiente empresario, la función social del arte, el cooperativismo y muchos otros temas. Una mirada estadística y positiva para conocer soluciones posibles. | ||
| 500 | |a Consultar en ventanilla. | ||
| 100 | 1 | |a Kliksberg, Bernardo | |
| 710 | 2 | |a Canal Encuentro. | |
| 082 | 3 | 0 | |/ KLI-4 |
| 653 | |a SOCIEDAD | ||
| 653 | |a ESTADO | ||
| 653 | |a RELIGION | ||
| 653 | |a CREENCIAS | ||
| 653 | |a ATEISMO | ||
| 653 | |a FE | ||
| 653 | |a SERIE DE TELEVISIÓN | ||
| 856 | |u https://www.educ.ar/recursos/120774/en-que-creen-los-que-creen | ||
| 859 | |a CEMS |b BIB. CEMS - Depto. Recursos Didacticos |h 301 |i KLI-4 |k DRD |p 2445.15 |t Ej.1 | ||
